Average to A+ : realising strengths in yourself and others / Alex Linley
Record details
- ISBN: 9781906366001 (hbk.)
- ISBN: 9781906366032 (pbk.)
- ISBN: 1906366039 (pbk.)
- Physical Description: xiv, 275 p. ; 24 cm
- Publisher: Coventry : CAPP Press, 2008
Content descriptions
| Bibliography, etc. Note: | Includes bibliographical references and index |
Available copies
- 1 of 1 copy available at Common Catalog SPOK.
Holds
- 0 current holds with 1 total copy.
Show Only Available Copies
| Location | Call Number / Copy Notes | Barcode | Shelving Location | Status | Due Date |
|---|---|---|---|---|---|
| Jabok Library | Psy-4/L | 424480038016 | Odborná literatura | Available | - |
| LDR | 00791cam a2200253 a 4500 | ||
|---|---|---|---|
| 001 | 24500 | ||
| 003 | CZ-PrJAB | ||
| 005 | 20170213115846.0 | ||
| 008 | 090129s2008 enka b 001 0 eng d | ||
| 020 | . | ‡a9781906366001 (hbk.) | |
| 020 | . | ‡a9781906366032 (pbk.) | |
| 020 | . | ‡a1906366039 (pbk.) | |
| 040 | . | ‡aAPL ‡cAPL ‡dAPL ‡dABG312 | |
| 072 | 7. | ‡a159.9 ‡xPsychologie ‡2Konspekt ‡917 | |
| 100 | 1 | . | ‡aLinley, Alex ‡4aut |
| 245 | 1 | 0. | ‡aAverage to A+ : ‡brealising strengths in yourself and others / ‡cAlex Linley |
| 260 | . | ‡aCoventry : ‡bCAPP Press, ‡c2008 | |
| 300 | . | ‡axiv, 275 p. ; ‡c24 cm | |
| 504 | . | ‡aIncludes bibliographical references and index | |
| 653 | 0 | . | ‡apozitivní psychologie ‡aaplikovaná psychologie ‡aposílení osobnosti |
| 910 | . | ‡aABG312 | |
| 901 | . | ‡a24500 ‡b ‡c24500 ‡tbiblio | |